000
00459nam a2200145Ia 4500
008
151213s9999 xx 000 0 und d
100
_a
সাইফুল বারী।
245
_a
ক্রমাগত আমি।
_c
সাইফুল বারী।
260
_a
ঢাকা।
_b
শিল্পতরু।
_c
1990
300
_a
8706 p.
650
_a
Bangla
650
_a
গল্প
700
_a
সাইফুল বারী।
999
_c
4492
_d
4492